Devine le rappeur 2 - Statistiques

Statistiques générales
  • Ce quiz a été pris 88 fois
  • Le résultat moyen est 5 sur 15
Statistiques - réponses
Hint Réponse % Correct
E.Signaler Damso
94%
Je le connais Sch
90%
Garçon Luther
49%
Oseille Hamza
43%
Cocktail Josman
42%
Faut s’enfuir Jul
41%
Le remède Luidji
33%
Barbade Lacrim
27%
Skiboy Menacé Santana
22%
Sex(interlude) Madeinparis
20%
Ice Rounhaa
16%
Julio et sa gogo danseuse Krisy
15%
Crenshaw La fève
14%
Une danse Still fresh
6%
Tout les jours Aya nakamura
3%
Aucun quiz correspondant
Distribution des résultats
% des personnes avec chaque résultat
Percentile par nombre de réponses
Votre historique - résultats
Vous n’avez pas pris ce quiz